| 000 | 00478nam a2200157Ia 4500 | ||
|---|---|---|---|
| 003 | OSt | ||
| 005 | 20200709104326.0 | ||
| 008 | 190216s9999||||xx |||||||||||||| ||und|| | ||
| 040 | _coclc | ||
| 082 |
_a954.035092 _bAZA/I |
||
| 100 |
_a Azad, Maulana Abul Kalam _91842 |
||
| 245 | 0 |
_aIndia Wins Freedom / _cMaulana Abul Kalam Azad |
|
| 260 |
_bSangam Books, _c1978. _aNew Delhi: |
||
| 300 | _a256p | ||
| 942 |
_cBK _2ddc _h954.035092 _iAZA/I _k954.035092 _mAZA/I |
||
| 999 |
_c19617 _d19617 |
||